000 01241nam a2200337 a 4500
001 36895
003 BD-RjUL
005 20211209052544.0
008 080721s2009 maua b 001 0 eng
020 _a9780071311038
035 _a(OCoLC)ocn226356765
035 _a(OCoLC)226356765
_a(BD-RjUL)36997
040 _aDLC
_cDLC
_dBTCTA
_dBAKER
_dYDXCP
_dCOU
_dOCLCQ
_dCDX
_dDLC
_dBD-RjUL
_beng
041 _aeng
082 0 0 _a591.7857
_222
_bROG 2009
100 1 _aRoberts, Larry S.,
_d1935-
_9112617
245 1 0 _aGerald D. Schmidt & Larry S. Roberts' foundations of parasitology /
_cLarry S. Roberts, John Janovy, Jr.
246 3 _aGerald D. Schmidt and Larry S. Roberts' foundations of parasitology
246 3 0 _aFoundations of parasitology
250 _a8th ed.
260 _aBoston :
_bMcGraw-Hill Higher Education,
_cc2009.
300 _axvii, 701 p. ;
_bill. (some col.) ;
_c29 cm.
504 _aIncludes bibliographical references and index.
650 0 _aParasitology.
_9112618
650 1 2 _aParasitology.
_9112619
700 1 _aJanovy, John,
_d1937-
_9112620
856 4 1 _3Table of contents only
_uhttp://www.loc.gov/catdir/toc/ecip0824/2008031997.html
942 _2ddc
_cBK
999 _c36895
_d36895